| 000 | 00876 a2200229 4500 | ||
|---|---|---|---|
| 999 |
_c4426 _d4426 |
||
| 020 | _a9780415447812 (alk. paper) | ||
| 020 | _a9780415447829 (pbk. : alk. paper) | ||
| 050 | 0 | 0 | _aHT241 RIT |
| 245 | 0 | 0 |
_aSustainable urban design : _ban environmental approach / _cedited by Adam Ritchie & Randall Thomas. |
| 250 | _a2nd ed. | ||
| 264 |
_aLondon: _bTaylor & Francis, _c2009 |
||
| 300 |
_axiv, 241 p. : _bill. (some col.), col. maps ; |
||
| 500 | _aIncludes index | ||
| 504 | _aIncludes bibliographical references and index. | ||
| 650 | 0 | _aUrban ecology (Sociology) | |
| 650 | 0 |
_aCity planning _xEnvironmental aspects. |
|
| 650 | 0 | _aSustainable development. | |
| 700 | 1 |
_aRitchie, Adam, _cMCIBSE |
|
| 700 | 1 | _aThomas, Randall. | |
| 942 |
_2lcc _cBK _e2nd _h241 _iRIT _kHT |
||